Why soil needs safeguards (Record no. 72332)

MARC details
000 -LEADER
fixed length control field 01287cam a2200229 4500
001 - CONTROL NUMBER
control field ABS66518
008 - FIXED-LENGTH DATA ELEMENTS--GENERAL INFORMATION
fixed length control field 030324n2003 000 0 eng u
035 ## - SYSTEM CONTROL NUMBER
System control number (Sirsi) u121710
100 ## - MAIN ENTRY--PERSONAL NAME
Personal name James, N.
245 ## - TITLE STATEMENT
Title Why soil needs safeguards
260 ## - PUBLICATION, DISTRIBUTION, ETC.
Date of publication, distribution, etc. 2003
490 ## - SERIES STATEMENT
Series statement Planning (for the Natural and Built Environment)
Volume/sequential designation (1507) 21 February 2003, 15(1)
520 ## - SUMMARY, ETC.
Summary, etc. Highlights the importance of soil as a key environmental resource and looks at how the planning system can protect soil resources. Argues that soil often has a low profile despite its many functions. These include supporting habitats and biodiversity, acting as a carbon sink, working as a water filter and providing minerals and fuels. Emphasises the vulnerability of soils to pollution and outlines European and UK soil protection strategies. Also looks at current research led by Land Use Consultants into the role of the planning system in conserving and enhancing soils. The study is due for completion in autumn 2003 and will involve the preparation of planning guidance.
590 ## - LOCAL NOTE (RLIN)
Local note ABS
650 ## - SUBJECT ADDED ENTRY--TOPICAL TERM
Topical term or geographic name entry element PLANNING SYSTEM
650 ## - SUBJECT ADDED ENTRY--TOPICAL TERM
Topical term or geographic name entry element SOIL PROTECTION
650 ## - SUBJECT ADDED ENTRY--TOPICAL TERM
Topical term or geographic name entry element SOILS
650 ## - SUBJECT ADDED ENTRY--TOPICAL TERM
Topical term or geographic name entry element Land use
9 (RLIN) 6251
650 ## - SUBJECT ADDED ENTRY--TOPICAL TERM
Topical term or geographic name entry element ENVIRONMENTAL RESOURCES
690 ## - LOCAL SUBJECT ADDED ENTRY--TOPICAL TERM (OCLC, RLIN)
Topical term or geographic name as entry element ENVIRONMENTAL AND LAND CONSULTANCY
942 ## - ADDED ENTRY ELEMENTS (KOHA)
Suppress in OPAC 0
Holdings
Withdrawn status Lost status Source of classification or shelving scheme Damaged status Not for loan Home library Current library Shelving location Date acquired Total Checkouts Full call number Barcode Date last seen Copy number Price effective from Koha item type
    Dewey Decimal Classification     London London Journal article 24/03/2003   ABS66518 121710-1001 06/08/2019 1 06/08/2019 Journal article